000 01332nam0a22002891 4500
001 rc\324963
005 20260407095050.0
010 _a5-7455-0033-6
_92600
035 _a(NLR Aleph) 005558928
090 _a5890364
_c5890364
100 _a20030307d1989 |||y0rusy50 ca
101 0 _arus
102 _aRU
105 _aa |||||||||
200 1 _aЭкономико-математические модели и методы
_dÖkonomisch-matematische Modelle und Methoden
_eСб. науч. тр.
_e[Памяти акад. Л.В. Канторовича]
_fВоронеж. гос. ун-т им. Ленинского комсомола
_g[Редкол.: С.С. Шаталин (гл. ред.) и др.]
210 _aВоронеж
_cИзд-во Воронеж. ун-та
_d1989
215 _a183, [1] с.
_cил.
_d20
320 _aБиблиогр. в конце ст.
510 0 _aÖkonomisch-matematische Modelle und Methoden
600 1 _aКанторович
_bЛ.В.
_gЛеонид Витальевич
_2psbo
702 1 _aШаталин
_bС.С.
_gСтанислав Сергеевич
_4340
712 0 2 _aВоронежский государственный университет
_3RU\NLR\AUTH\889921742
_9339578
801 0 _aRU
_bNLR
_gpsbo
801 1 _aRU
_bELAR
_2rusmarc
852 _aNLR
_j89-3/6036
942 _cBOOK
980 _aNB